Viviendo la religión desde la migración, transnacionalización de la santería cubana en Lima, Perú; La Paz, Bolivia y Santiago, Chile (1980-2013) /
Guardado en:
| Autor principal: | |
|---|---|
| Formato: | Libro |
| Lenguaje: | Spanish |
| Etiquetas: |
Agregar Etiqueta
Sin Etiquetas, Sea el primero en etiquetar este registro!
|
MARC
| LEADER | 00000nam a22000007a 4500 | ||
|---|---|---|---|
| 003 | cru CIDCACS/IIS | ||
| 005 | 20170804105357.0 | ||
| 007 | ta | ||
| 008 | 170803s2015 cr ||||| |||| 00| 0 spa d | ||
| 999 | |c 19541 |d 19541 | ||
| 040 | |c cru CIDCACS/IIS | ||
| 100 | 1 | |9 460 |a Saldívar Arellano, Juan Manuel | |
| 245 | 1 | |a Viviendo la religión desde la migración, transnacionalización de la santería cubana en Lima, Perú; La Paz, Bolivia y Santiago, Chile (1980-2013) / |c Juan Manuel Saldívar Arellano | |
| 300 | |a páginas 133-144 | ||
| 773 | 0 | |0 19529 |9 1075 |a Universidad de Costa Rica. |d San José, Costa Rica: Editorial de la Universidad de Costa Rica, ago. 1992- |o 17999 |t Reflexiones / | |
| 942 | |2 ddc |c PP | ||
